[Event "41 Abierto Ciudad de Sevilla 2016"]
[Site "Sevilla ESP"]
[Date "2016.01.08"]
[Round "1.1"]
[White "Vorobiov, Evgeny E"]
[Black "Diez Asensio*, Jesus"]
[Result "1-0"]
[WhiteElo "2572"]
[BlackElo "1862"]
[PlyCount "101"]
[EventDate "2016.01.08"]
[EventType "swiss"]
[EventRounds "9"]
[EventCountry "ESP"]
[Source "lmi"]
[SourceDate "2016.01.08"]

1. d4 d5 2. c4 c6 3. Nf3 Nf6 4. Qb3 dxc4 5. Qxc4 Bf5 6. g3 e6 7. Bg2 Nbd7 8.
O-O Be7 9. e3 O-O 10. Rd1 h6 11. Qe2 Re8 12. Nc3 Ne4 13. Ne1 Ndf6 14. Nxe4 Bxe4
15. f3 Bh7 16. e4 Qb6 17. Be3 Rad8 18. Nd3 Qa6 19. Bf1 Nd7 20. a4 Qa5 21. Bg2
e5 22. dxe5 Nxe5 23. Nxe5 Qxe5 24. Bxa7 f5 25. Bb6 Bc5+ 26. Bxc5 Qxc5+ 27. Qf2
Qb4 28. e5 f4 29. Bf1 Bg6 30. e6 fxg3 31. hxg3 Rxd1 32. Rxd1 Rxe6 33. Rd4 Qe1
34. Rd7 Qb4 35. Rd4 Qe1 36. Rd7 Qb4 37. Qa7 Re1 38. Qd4 Qxd4+ 39. Rxd4 Kf8 40.
Kf2 Re7 41. b4 Ke8 42. a5 Bf7 43. b5 Bd5 44. b6 Kd8 45. Bh3 Ke8 46. f4 g6 47.
Bc8 Kd8 48. Bg4 Ke8 49. Rb4 Kd8 50. a6 c5 51. a7 1-0

[Event "41 Abierto Ciudad de Sevilla 2016"]
[Site "Sevilla ESP"]
[Date "2016.01.08"]
[Round "1.2"]
[White "Gonzalez Pabollet, Jesus Maria"]
[Black "Kogan, Arthur"]
[Result "0-1"]
[WhiteElo "1854"]
[BlackElo "2540"]
[PlyCount "61"]
[EventDate "2016.01.08"]
[EventType "swiss"]
[EventRounds "9"]
[EventCountry "ESP"]
[Source "lmi"]
[SourceDate "2016.01.08"]

1. e4 c5 2. Nf3 e6 3. d4 cxd4 4. Nxd4 Nc6 5. Nc3 Qc7 6. Be2 a6 7. O-O Nf6 8.
Be3 h5 9. Nxc6 bxc6 10. f4 d5 11. e5 Ng4 12. Bxg4 hxg4 13. Qxg4 c5 14. Bf2 Qc6
15. Rae1 Rh6 16. Bg3 c4 17. Kh1 Rb8 18. Nd1 Qa4 19. b3 Qxa2 20. bxc4 d4 21. Qe2
Rb4 22. c5 Bb7 23. f5 exf5 24. e6 Rxe6 25. Qd2 Qd5 26. Bd6 Bxd6 27. cxd6 Qxd6
28. Rxf5 Rc4 29. Rxe6+ Qxe6 30. Rf1 Be4 31. Nf2 0-1

[Event "41 Abierto Ciudad de Sevilla 2016"]
[Site "Sevilla ESP"]
[Date "2016.01.08"]
[Round "1.3"]
[White "Burmakin, Vladimir"]
[Black "Gentes Benito, Angel"]
[Result "1-0"]
[WhiteElo "2539"]
[BlackElo "1851"]
[PlyCount "107"]
[EventDate "2016.01.08"]
[EventType "swiss"]
[EventRounds "9"]
[EventCountry "ESP"]
[Source "lmi"]
[SourceDate "2016.01.08"]

1. Nf3 c5 2. g3 Nc6 3. c4 g6 4. Bg2 Bg7 5. O-O d6 6. Nc3 e5 7. Ne1 Nge7 8. Nc2
O-O 9. a3 Nd4 10. Ne3 Rb8 11. b4 Be6 12. bxc5 dxc5 13. Rb1 Qd7 14. Ne4 Qc7 15.
d3 h6 16. Nc3 Qd7 17. Ncd5 Nxd5 18. Nxd5 b5 19. Rb2 Kh7 20. e3 Nf5 21. Qc2 a5
22. Bd2 b4 23. axb4 cxb4 24. Ra1 e4 25. d4 Bxd5 26. cxd5 Ra8 27. Bxe4 Nd6 28.
Bd3 Rfc8 29. Qb3 Qg4 30. Rba2 Ne4 31. Bxe4 Qxe4 32. Rxa5 Rxa5 33. Rxa5 Rc2 34.
f3 Qf5 35. d6 Qc8 36. Rc5 Rxc5 37. dxc5 Qxc5 38. Bxb4 Qb5 39. Kf2 Kg8 40. f4
Bf8 41. Qc3 Qd5 42. Qd4 Qh5 43. h4 Bg7 44. d7 Bxd4 45. d8=Q+ Kh7 46. Qxd4 Qf5
47. Bc3 f6 48. Qxf6 Qc2+ 49. Ke1 Qc1+ 50. Ke2 Qc2+ 51. Bd2 Qc4+ 52. Kf2 Qd5 53.
Qd4 Qf5 54. Bc3 1-0

[Event "41 Abierto Ciudad de Sevilla 2016"]
[Site "Sevilla ESP"]
[Date "2016.01.08"]
[Round "1.4"]
[White "Suarez Fernandez, Enrique Oliv"]
[Black "Rizouk, Aimen"]
[Result "0-1"]
[WhiteElo "1850"]
[BlackElo "2511"]
[PlyCount "38"]
[EventDate "2016.01.08"]
[EventType "swiss"]
[EventRounds "9"]
[EventCountry "ESP"]
[Source "lmi"]
[SourceDate "2016.01.08"]

1. e3 d5 2. b3 Nf6 3. Bb2 g6 4. Nf3 Bg7 5. d4 O-O 6. c4 c6 7. Nc3 Ne4 8. Bd3
Nxc3 9. Bxc3 Bg4 10. h3 Bxf3 11. Qxf3 e5 12. dxe5 dxc4 13. Bxc4 Bxe5 14. e4 Nd7
15. Rd1 Bxc3+ 16. Qxc3 Qe7 17. O-O Nc5 18. Rfe1 Rad8 19. Bxf7+ Kxf7 0-1

[Event "41 Abierto Ciudad de Sevilla 2016"]
[Site "Sevilla ESP"]
[Date "2016.01.08"]
[Round "1.5"]
[White "Sundararajan, Kidambi"]
[Black "Garcia Fernandez, Miguel"]
[Result "1-0"]
[WhiteElo "2508"]
[BlackElo "1840"]
[PlyCount "61"]
[EventDate "2016.01.08"]
[EventType "swiss"]
[EventRounds "9"]
[EventCountry "ESP"]
[Source "lmi"]
[SourceDate "2016.01.08"]

1. d4 e6 2. Nf3 Nf6 3. c4 d5 4. Bg5 Be7 5. Nc3 c6 6. e3 Nbd7 7. Qc2 O-O 8. Rd1
Re8 9. a3 Qc7 10. Bd3 dxc4 11. Bxc4 Bd6 12. O-O Ng4 13. h3 Nh2 14. Nxh2 Bxh2+
15. Kh1 h6 16. Bh4 Bd6 17. Ne4 Be7 18. Bg3 Qb6 19. Ba2 Nf6 20. Nd6 Rd8 21. Nc4
Qb5 22. Bc7 Rd7 23. Be5 a5 24. Bb1 g6 25. Bf4 Bf8 26. a4 Qa6 27. Ne5 Re7 28.
Nxg6 fxg6 29. Qxg6+ Bg7 30. Bxh6 Nd5 31. Bxg7 1-0

[Event "41 Abierto Ciudad de Sevilla 2016"]
[Site "Sevilla ESP"]
[Date "2016.01.08"]
[Round "1.7"]
[White "Hoffman, Alejandro"]
[Black "Pimienta Sanchez*, Manuel"]
[Result "0-1"]
[WhiteElo "2476"]
[BlackElo "1832"]
[PlyCount "49"]
[EventDate "2016.01.08"]
[EventType "swiss"]
[EventRounds "9"]
[EventCountry "ESP"]
[Source "lmi"]
[SourceDate "2016.01.08"]

1. d4 g6 2. e4 d6 3. c4 Bg7 4. Nc3 Nc6 5. Nge2 e5 6. d5 Nce7 7. Ng3 f5 8. exf5
gxf5 9. Nh5 Bf6 10. f4 Ng6 11. Be2 e4 12. Be3 Kf7 13. O-O Be7 14. g4 Nf6 15.
Ng3 fxg4 16. Ncxe4 h5 17. Ng5+ Kg8 18. Qc2 Nh4 19. Bd4 Rh6 20. Rae1 Nf3+ 21.
Bxf3 gxf3 22. Nf5 Bxf5 23. Qxf5 Qf8 24. Qe6+ Kh8 25. Qxe7 0-1

[Event "41 Abierto Ciudad de Sevilla 2016"]
[Site "Sevilla ESP"]
[Date "2016.01.08"]
[Round "1.8"]
[White "Cadenas Falcon, Jose Antonio"]
[Black "Fernandez Romero, Ernesto"]
[Result "0-1"]
[WhiteElo "1826"]
[BlackElo "2475"]
[PlyCount "110"]
[EventDate "2016.01.08"]
[EventType "swiss"]
[EventRounds "9"]
[EventCountry "ESP"]
[Source "lmi"]
[SourceDate "2016.01.08"]

1. e4 c5 2. c3 g6 3. d4 cxd4 4. cxd4 d5 5. e5 Nc6 6. Nf3 Bg4 7. Be2 Qb6 8. Nc3
e6 9. Na4 Qa5+ 10. Bd2 Bb4 11. Bc3 Bxf3 12. Bxf3 Bxc3+ 13. Nxc3 Qb4 14. O-O
Qxd4 15. Nb5 Qxd1 16. Bxd1 Kf8 17. f4 Nge7 18. g4 h5 19. gxh5 gxh5 20. Nd6 Nf5
21. Nxf5 exf5 22. Bf3 Rd8 23. Rfd1 Ne7 24. Rac1 Rh6 25. Rc7 Rb6 26. b3 h4 27.
Rd4 Rg6+ 28. Kf1 Rc6 29. Rxb7 Rc2 30. Be2 Rxa2 31. Ra4 Rxa4 32. bxa4 a5 33. Rb5
d4 34. Rxa5 d3 35. Bd1 Rd4 36. Ra8+ Kg7 37. a5 Rxf4+ 38. Ke1 Re4+ 39. Kd2 Rxe5
40. a6 Ra5 41. Bf3 Ng6 42. a7 Kf6 43. Bh1 Ne5 44. Bd5 Ra3 45. h3 f4 46. Rh8
Rxa7 47. Rxh4 Kg5 48. Rh8 Rd7 49. Be4 Nc4+ 50. Kc3 d2 51. Bf3 Ne3 52. h4+ Kf6
53. Ra8 d1=Q 54. Bxd1 Nxd1+ 55. Kc2 f3 0-1

[Event "41 Abierto Ciudad de Sevilla 2016"]
[Site "Sevilla ESP"]
[Date "2016.01.08"]
[Round "1.9"]
[White "Lei, Tingjie"]
[Black "Godino Benitez, Miguel"]
[Result "1-0"]
[WhiteElo "2474"]
[BlackElo "1825"]
[PlyCount "51"]
[EventDate "2016.01.08"]
[EventType "swiss"]
[EventRounds "9"]
[EventCountry "ESP"]
[Source "lmi"]
[SourceDate "2016.01.08"]

1. c4 Nf6 2. g3 e5 3. Bg2 d5 4. cxd5 Nxd5 5. Nc3 Nb6 6. Nf3 Nc6 7. O-O Be7 8.
d3 Be6 9. a3 a5 10. Be3 Nd5 11. Nxd5 Bxd5 12. Qa4 O-O 13. Rfc1 Qd7 14. Nxe5
Nxe5 15. Qxd7 Nxd7 16. Bxd5 c6 17. Bg2 Bf6 18. Rab1 Rfe8 19. b4 a4 20. b5 cxb5
21. Rxb5 Rac8 22. Rxc8 Rxc8 23. Rxb7 Ne5 24. Bd5 Ng4 25. Bxf7+ Kh8 26. Be6 1-0

[Event "41 Abierto Ciudad de Sevilla 2016"]
[Site "Sevilla ESP"]
[Date "2016.01.08"]
[Round "1.10"]
[White "Ramirez Sanchez, Samuel"]
[Black "Campora Sivori, Daniel"]
[Result "0-1"]
[WhiteElo "1820"]
[BlackElo "2466"]
[PlyCount "58"]
[EventDate "2016.01.08"]
[EventType "swiss"]
[EventRounds "9"]
[EventCountry "ESP"]
[Source "lmi"]
[SourceDate "2016.01.08"]

1. d4 Nf6 2. Nf3 e6 3. Bf4 b6 4. e3 Bb7 5. Nbd2 Be7 6. h3 d6 7. c4 O-O 8. Qc2
c5 9. Bd3 Nc6 10. a3 Rc8 11. d5 exd5 12. cxd5 Nxd5 13. Bxh7+ Kh8 14. Bf5 Nxf4
15. exf4 Rc7 16. O-O-O Nd4 17. Qd3 g6 18. Be4 d5 19. Bxg6 fxg6 20. Ne5 Rf6 21.
Nxg6+ Kg7 22. Ne5 Qg8 23. g4 Rxf4 24. Kb1 Qh7 25. Qxh7+ Kxh7 26. Rde1 Rxf2 27.
Ref1 Rxd2 28. Rf7+ Kg8 29. Rhf1 Ba6 0-1

[Event "41 Abierto Ciudad de Sevilla 2016"]
[Site "Sevilla ESP"]
[Date "2016.01.08"]
[Round "1.11"]
[White "Xu, Xiangyu"]
[Black "Garcia Perez, Fernando"]
[Result "1-0"]
[WhiteElo "2466"]
[BlackElo "1812"]
[PlyCount "49"]
[EventDate "2016.01.08"]
[EventType "swiss"]
[EventRounds "9"]
[EventCountry "ESP"]
[Source "lmi"]
[SourceDate "2016.01.08"]

1. e4 c6 2. d4 d5 3. Nc3 dxe4 4. Nxe4 Nd7 5. c3 Ngf6 6. Nxf6+ Nxf6 7. Bd3 Bg4
8. Ne2 e6 9. Qb3 Qb6 10. Ng3 Bh5 11. Nxh5 Nxh5 12. Qc2 Qc7 13. Be2 Nf4 14. Bf3
Be7 15. Bd2 Rd8 16. Qe4 Nd5 17. O-O-O O-O 18. Kb1 b5 19. Be2 Rb8 20. Bd3 Nf6
21. Qh4 c5 22. Bf4 Bd6 23. Bg5 c4 24. Bxf6 cxd3 25. Qg5 1-0

[Event "41 Abierto Ciudad de Sevilla 2016"]
[Site "Sevilla ESP"]
[Date "2016.01.08"]
[Round "1.12"]
[White "Fernandez Robles, David"]
[Black "Perez Mitjans, Orelvis"]
[Result "0-1"]
[WhiteElo "1801"]
[BlackElo "2455"]
[PlyCount "56"]
[EventDate "2016.01.08"]
[EventType "swiss"]
[EventRounds "9"]
[EventCountry "ESP"]
[Source "lmi"]
[SourceDate "2016.01.08"]

1. e4 d5 2. exd5 Qxd5 3. Nc3 Qa5 4. d4 Nf6 5. Nf3 Bg4 6. Be2 Nc6 7. O-O O-O-O
8. Be3 e5 9. d5 Nxd5 10. Nxd5 Rxd5 11. Qe1 Qxe1 12. Rfxe1 Nb4 13. Bc4 Bxf3 14.
gxf3 Rd7 15. Rac1 a6 16. f4 exf4 17. Bxf4 Bc5 18. a3 Nc6 19. c3 g5 20. Bg3 h5
21. h4 gxh4 22. Bxh4 Kb8 23. Rcd1 Rxd1 24. Rxd1 Rg8+ 25. Kf1 Rg4 26. Bxf7 Rxh4
27. Rd5 Bxf2 28. Kxf2 Rf4+ 0-1

[Event "41 Abierto Ciudad de Sevilla 2016"]
[Site "Sevilla ESP"]
[Date "2016.01.08"]
[Round "1.13"]
[White "Paunovic, Dragan"]
[Black "Narro Jimenez, Jose Reyes"]
[Result "1-0"]
[WhiteElo "2432"]
[BlackElo "1798"]
[PlyCount "67"]
[EventDate "2016.01.08"]
[EventType "swiss"]
[EventRounds "9"]
[EventCountry "ESP"]
[Source "lmi"]
[SourceDate "2016.01.08"]

1. c4 f5 2. g3 Nf6 3. Bg2 e6 4. Nf3 c6 5. O-O d5 6. d4 Bd6 7. b3 O-O 8. Ba3
Bxa3 9. Nxa3 Nbd7 10. Nc2 Ne4 11. Nb4 Qf6 12. Nd3 h6 13. Qc2 g5 14. Nfe5 Nxe5
15. Nxe5 Qg7 16. c5 Nf6 17. e3 Nd7 18. Nd3 Nf6 19. b4 Nd7 20. f4 g4 21. a4 h5
22. b5 h4 23. Rfb1 hxg3 24. hxg3 Kf7 25. a5 Rh8 26. a6 Qh6 27. Kf2 Qg7 28. axb7
Bxb7 29. bxc6 Bxc6 30. Ra6 Rhc8 31. Rxc6 Rxc6 32. Rb7 Kf8 33. Qa4 Rac8 34. Qxa7
1-0

[Event "41 Abierto Ciudad de Sevilla 2016"]
[Site "Sevilla ESP"]
[Date "2016.01.08"]
[Round "1.14"]
[White "De La Cruz Fernandez, Juan Car"]
[Black "Santos Ruiz, Miguel"]
[Result "0-1"]
[WhiteElo "1797"]
[BlackElo "2427"]
[PlyCount "98"]
[EventDate "2016.01.08"]
[EventType "swiss"]
[EventRounds "9"]
[EventCountry "ESP"]
[Source "lmi"]
[SourceDate "2016.01.08"]

1. d4 f5 2. Bg5 h6 3. Bh4 g5 4. e3 Nf6 5. Bg3 d6 6. Be2 Bg7 7. Bh5+ Kf8 8. Be2
e6 9. Nc3 Qe7 10. Qd3 e5 11. dxe5 dxe5 12. f3 Nc6 13. O-O-O Be6 14. Qb5 Rb8 15.
h4 a6 16. Qa4 b5 17. Qxa6 Rb6 18. Qa8+ Kf7 19. Qxh8 Bxh8 20. hxg5 Ng8 21. gxh6
Qg5 22. Bf2 Nxh6 23. Bxb5 Bg7 24. Nh3 Qg6 25. e4 Nd4 26. Bd3 f4 27. Bxd4 exd4
28. Nxf4 Qg5 29. Nce2 Qc5 30. a3 Bc4 31. Rh5 Qc6 32. Rdh1 Bxd3 33. Nxd3 Rb5 34.
Nef4 Rxh5 35. Rxh5 Ng8 36. g4 Ne7 37. Kb1 Qb6 38. e5 Bf8 39. e6+ Kg8 40. Ne5
Qa5 41. Nfg6 Qe1+ 42. Ka2 Nxg6 43. Nxg6 Qxe6+ 44. Kb1 Qxg6 45. Rf5 Qe6 46. Rg5+
Bg7 47. Rf5 Qc4 48. Rf4 Qf1+ 49. Ka2 Qc1 0-1

[Event "41 Abierto Ciudad de Sevilla 2016"]
[Site "Sevilla ESP"]
[Date "2016.01.08"]
[Round "1.15"]
[White "Teran Alvarez, Ismael"]
[Black "Lopez Perea, Mario"]
[Result "1-0"]
[WhiteElo "2416"]
[BlackElo "1791"]
[PlyCount "65"]
[EventDate "2016.01.08"]
[EventType "swiss"]
[EventRounds "9"]
[EventCountry "ESP"]
[Source "lmi"]
[SourceDate "2016.01.08"]

1. c4 c6 2. g3 d5 3. Nf3 Nf6 4. Bg2 e6 5. b3 Be7 6. O-O O-O 7. Bb2 Nbd7 8. Qc2
b6 9. d3 Bb7 10. e4 dxe4 11. dxe4 Qc7 12. e5 Ne8 13. Re1 g6 14. Nc3 Ng7 15. Ne4
c5 16. Rad1 Bxe4 17. Qxe4 Rfd8 18. Nd2 Rac8 19. g4 Nf8 20. Qe2 Bg5 21. Ne4 Be7
22. Nd6 Bxd6 23. exd6 Qd7 24. Qe5 f5 25. g5 Qf7 26. Bf3 Nd7 27. Qxg7+ Qxg7 28.
Bxg7 Kxg7 29. Rxe6 Re8 30. Rde1 Rxe6 31. Rxe6 Rf8 32. Re7+ Rf7 33. Bd5 1-0

[Event "41 Abierto Ciudad de Sevilla 2016"]
[Site "Sevilla ESP"]
[Date "2016.01.08"]
[Round "1.16"]
[White "Jimenez Arnaiz, Jose Maria"]
[Black "Granero Roca, Antonio"]
[Result "0-1"]
[WhiteElo "1786"]
[BlackElo "2410"]
[PlyCount "38"]
[EventDate "2016.01.08"]
[EventType "swiss"]
[EventRounds "9"]
[EventCountry "ESP"]
[Source "lmi"]
[SourceDate "2016.01.08"]

1. e4 c5 2. Nf3 Nc6 3. d4 cxd4 4. Nxd4 g6 5. c3 Bg7 6. Be3 Nf6 7. Bd3 O-O 8.
O-O d5 9. exd5 Nxd5 10. Nxc6 bxc6 11. Bc5 Qa5 12. b4 Qc7 13. Qb3 Be6 14. Bc4 a5
15. Bxd5 Bxd5 16. Qc2 axb4 17. Bxb4 Rfb8 18. a4 Rxb4 19. cxb4 Bxa1 0-1

[Event "41 Abierto Ciudad de Sevilla 2016"]
[Site "Sevilla ESP"]
[Date "2016.01.08"]
[Round "1.17"]
[White "Satyapragyan, Swayangsu"]
[Black "Sanz Garcia*, Ramon"]
[Result "1-0"]
[WhiteElo "2410"]
[BlackElo "1780"]
[PlyCount "57"]
[EventDate "2016.01.08"]
[EventType "swiss"]
[EventRounds "9"]
[EventCountry "ESP"]
[Source "lmi"]
[SourceDate "2016.01.08"]

1. e4 Nf6 2. e5 Nd5 3. d4 d6 4. c4 Nb6 5. exd6 exd6 6. Nc3 Be7 7. Bd3 Nc6 8.
Nge2 Bf6 9. Be3 Bg4 10. f3 Bh5 11. b3 Bg6 12. O-O Bxd3 13. Qxd3 O-O 14. Rad1 a5
15. Qd2 Re8 16. Ng3 a4 17. Nge4 axb3 18. axb3 Be7 19. d5 Nb4 20. Nb5 Na6 21.
Bxb6 cxb6 22. Qf4 Nb4 23. Nexd6 Bxd6 24. Qxd6 Qg5 25. Qg3 Qe3+ 26. Kh1 Red8 27.
Nd4 g6 28. Qe1 Qg5 29. f4 1-0

[Event "41 Abierto Ciudad de Sevilla 2016"]
[Site "Sevilla ESP"]
[Date "2016.01.08"]
[Round "1.18"]
[White "Soruco Tirina, Humberto"]
[Black "Sarkar, Justin"]
[Result "0-1"]
[WhiteElo "1775"]
[BlackElo "2407"]
[PlyCount "58"]
[EventDate "2016.01.08"]
[EventType "swiss"]
[EventRounds "9"]
[EventCountry "ESP"]
[Source "lmi"]
[SourceDate "2016.01.08"]

1. Nf3 d5 2. d4 Nf6 3. Bg5 Ne4 4. e3 Nxg5 5. Nxg5 e5 6. h4 e4 7. Nc3 Bb4 8.
Bb5+ c6 9. Ba4 a5 10. g3 b5 11. Bb3 a4 12. Bxd5 cxd5 13. O-O Bxc3 14. bxc3 h6
15. f4 hxg5 16. fxg5 Qc7 17. Rf4 Be6 18. Qf1 Nd7 19. Qxb5 Qxc3 20. Raf1 Qxe3+
21. Kh2 Rc8 22. Qxa4 Rc3 23. Rg1 Qe2+ 24. Rg2 Qc4 25. Qa8+ Qc8 26. Qa4 Qc6 27.
Qb4 Rc4 28. Qa3 Qa4 29. Qd6 Rc6 0-1

[Event "41 Abierto Ciudad de Sevilla 2016"]
[Site "Sevilla ESP"]
[Date "2016.01.08"]
[Round "1.19"]
[White "Komljenovic, Davor"]
[Black "Lopez Cabello, Julio"]
[Result "1-0"]
[WhiteElo "2394"]
[BlackElo "1774"]
[PlyCount "102"]
[EventDate "2016.01.08"]
[EventType "swiss"]
[EventRounds "9"]
[EventCountry "ESP"]
[Source "lmi"]
[SourceDate "2016.01.08"]

1. Nf3 Nf6 2. c4 g6 3. Nc3 d5 4. cxd5 Nxd5 5. d3 Bg7 6. Bd2 O-O 7. Qc1 c5 8.
Bh6 Nc6 9. Bxg7 Kxg7 10. g3 e5 11. Bg2 Be6 12. Ng5 Rc8 13. Nxe6+ fxe6 14. O-O
Nd4 15. Qd1 Rc7 16. e3 Nc6 17. Ne4 b6 18. a3 h5 19. h4 Qd7 20. Qb3 Na5 21. Qa2
Qb5 22. Ng5 Re8 23. Nxe6+ Rxe6 24. Qxd5 Ree7 25. Be4 Rcd7 26. Qa2 Nb3 27. Rad1
a5 28. Qb1 Rd6 29. Qc2 a4 30. Qc3 Qa5 31. f3 Qxc3 32. bxc3 b5 33. Rf2 Na5 34.
Rb1 Nb3 35. Rfb2 Kf6 36. Kf2 Ra7 37. Ra2 Rc7 38. Ke2 Rcd7 39. Rc2 Ra7 40. Rg1
Rh7 41. f4 Rf7 42. c4 b4 43. Rf1 exf4 44. axb4 cxb4 45. c5 Rd8 46. Rc4 Rb8 47.
c6 Rc7 48. d4 a3 49. Rc2 Na5 50. Rc5 Nb3 51. Rg5 a2 1-0

[Event "41 Abierto Ciudad de Sevilla 2016"]
[Site "Sevilla ESP"]
[Date "2016.01.08"]
[Round "1.20"]
[White "Caro Bellerin, Javier"]
[Black "Montero Melendez, Rafael"]
[Result "0-1"]
[WhiteElo "1765"]
[BlackElo "2373"]
[PlyCount "96"]
[EventDate "2016.01.08"]
[EventType "swiss"]
[EventRounds "9"]
[EventCountry "ESP"]
[Source "lmi"]
[SourceDate "2016.01.08"]

1. e4 c5 2. Nf3 e6 3. d4 cxd4 4. Nxd4 a6 5. Be3 Nf6 6. Nd2 Qc7 7. c3 Nc6 8. Be2
d5 9. exd5 Nxd5 10. O-O Bd6 11. h3 Nxe3 12. fxe3 O-O 13. Nxc6 Qxc6 14. Bf3 Qc5
15. Qe2 Qe5 16. g4 Bb8 17. Rad1 Ba7 18. Rfe1 Rb8 19. Nc4 Qc7 20. Kg2 Bd7 21.
Nd6 b5 22. Qd3 Rb6 23. e4 Bc6 24. e5 Bxf3+ 25. Qxf3 f6 26. Rf1 Qc5 27. Qe4 Bb8
28. exf6 Rxd6 29. fxg7 Rxf1 30. Rxf1 Kxg7 31. Qf3 Rd2+ 32. Rf2 Rxf2+ 33. Qxf2
Qxf2+ 34. Kxf2 Kf6 35. Kf3 Ke5 36. b3 Kd5 37. h4 Be5 38. g5 Bxc3 39. h5 e5 40.
g6 hxg6 41. hxg6 e4+ 42. Ke3 Bg7 43. a3 Bh6+ 44. Ke2 Kd4 45. a4 b4 46. a5 e3
47. Kd1 Kd3 48. Ke1 e2 0-1

[Event "41 Abierto Ciudad de Sevilla 2016"]
[Site "Sevilla ESP"]
[Date "2016.01.08"]
[Round "1.22"]
[White "Vazquez Paton, Miguel"]
[Black "Ladron De Guevara Pinto, Paolo"]
[Result "0-1"]
[WhiteElo "1756"]
[BlackElo "2348"]
[PlyCount "76"]
[EventDate "2016.01.08"]
[EventType "swiss"]
[EventRounds "9"]
[EventCountry "ESP"]
[Source "lmi"]
[SourceDate "2016.01.08"]

1. e4 e5 2. Nf3 Nc6 3. Bb5 Nf6 4. Qe2 d6 5. O-O Bd7 6. c3 Be7 7. Rd1 a6 8. Bc4
O-O 9. Bb3 Na5 10. Bc2 c5 11. d3 b5 12. Nbd2 Nh5 13. Nf1 g6 14. Bh6 Re8 15. Ne3
Bf8 16. Bxf8 Rxf8 17. Qd2 Re8 18. Nd5 Bg4 19. Qe3 Nf6 20. Qg5 Nxd5 21. Qxg4 Nf6
22. Qg5 Qe7 23. h4 Rac8 24. g4 Kg7 25. h5 h6 26. Qh4 Nh7 27. Qxe7 Rxe7 28. Nh4
Ng5 29. Kg2 Ne6 30. Kg3 Rg8 31. hxg6 fxg6 32. Rf1 Rf8 33. Ng2 Ref7 34. b4 Rf3+
35. Kh2 cxb4 36. cxb4 Nc6 37. Bb3 Ng5 38. Bd5 Rh3+ 0-1

[Event "41 Abierto Ciudad de Sevilla 2016"]
[Site "Sevilla ESP"]
[Date "2016.01.09"]
[Round "2.1"]
[White "Pereira Figueroa, Manuel"]
[Black "Vorobiov, Evgeny E"]
[Result "0-1"]
[WhiteElo "2062"]
[BlackElo "2572"]
[PlyCount "62"]
[EventDate "2016.01.08"]
[EventType "swiss"]
[EventRounds "9"]
[EventCountry "ESP"]
[Source "lmi"]
[SourceDate "2016.01.08"]

1. d4 Nf6 2. c4 e6 3. Nc3 Bb4 4. a3 Bxc3+ 5. bxc3 Nc6 6. e3 b6 7. Bd3 Ba6 8.
Ne2 Na5 9. O-O Bxc4 10. e4 Bxd3 11. Qxd3 d6 12. Bg5 h6 13. Bh4 g5 14. Bg3 Nh5
15. f4 Qd7 16. Rab1 Qc6 17. f5 O-O-O 18. Qa6+ Qb7 19. Qd3 Kb8 20. fxe6 fxe6 21.
Rf7 Qc6 22. Qf3 Nxg3 23. Nxg3 Nc4 24. Rd1 h5 25. Nxh5 g4 26. Qf6 Ne3 27. Re1
Qxc3 28. Qf2 Nc2 29. Rc1 Rxh5 30. Rxc2 Qa1+ 31. Qf1 Qxd4+ 0-1

[Event "41 Abierto Ciudad de Sevilla 2016"]
[Site "Sevilla ESP"]
[Date "2016.01.09"]
[Round "2.2"]
[White "Kogan, Arthur"]
[Black "Coimbra, Margarida"]
[Result "1-0"]
[WhiteElo "2540"]
[BlackElo "2056"]
[PlyCount "79"]
[EventDate "2016.01.08"]
[EventType "swiss"]
[EventRounds "9"]
[EventCountry "ESP"]
[Source "lmi"]
[SourceDate "2016.01.08"]

1. c4 e6 2. d4 d5 3. Nf3 c6 4. Bg5 Be7 5. Bxe7 Qxe7 6. Nbd2 Nf6 7. Rc1 Nbd7 8.
Qb3 O-O 9. e3 e5 10. cxd5 Nxd5 11. Bc4 exd4 12. Nxd4 N7f6 13. O-O Nb6 14. Bd3
Re8 15. Rfe1 Be6 16. Qc2 Rad8 17. Nxe6 Qxe6 18. Nb3 g6 19. Nc5 Qe7 20. b4 Nbd5
21. a3 Ng4 22. h3 Ne5 23. Bf1 Qc7 24. Qb2 Nd7 25. Nb3 Qe5 26. Qxe5 Nxe5 27. Na5
Rb8 28. Red1 Nf6 29. b5 cxb5 30. Bxb5 Re7 31. f4 Ned7 32. Rc7 Rxe3 33. Bxd7 Re7
34. Rc8+ Rxc8 35. Bxc8 b6 36. Nc6 Rc7 37. Rd8+ Kg7 38. Ne5 Rc3 39. a4 Ra3 40.
Rd4 1-0

[Event "41 Abierto Ciudad de Sevilla 2016"]
[Site "Sevilla ESP"]
[Date "2016.01.09"]
[Round "2.3"]
[White "Olivera Gutierrez*, Albert"]
[Black "Burmakin, Vladimir"]
[Result "0-1"]
[WhiteElo "2041"]
[BlackElo "2539"]
[PlyCount "86"]
[EventDate "2016.01.08"]
[EventType "swiss"]
[EventRounds "9"]
[EventCountry "ESP"]
[Source "lmi"]
[SourceDate "2016.01.08"]

1. e4 c6 2. d4 d5 3. e5 Bf5 4. Bd3 Bxd3 5. Qxd3 e6 6. Ne2 Qa5+ 7. Nbc3 Qa6 8.
Qh3 Nd7 9. O-O Ne7 10. f4 g6 11. b4 h5 12. b5 Qb6 13. Rb1 c5 14. Na4 Qc7 15.
dxc5 Nxc5 16. Nxc5 Qxc5+ 17. Be3 Qc4 18. Nd4 Nf5 19. Nxf5 gxf5 20. c3 Bc5 21.
Bxc5 Qxc5+ 22. Kh1 O-O-O 23. b6 a6 24. Rfd1 Kb8 25. Qd3 Rc8 26. Rb3 Rc6 27. Qb1
Rhc8 28. h3 Qe3 29. Rf1 Rxc3 30. Rxc3 Qxc3 31. a4 Qc2 32. Qb4 Qc5 33. Qb1 Rc6
34. Qd1 Qc4 35. a5 Qb5 36. Kh2 Qxa5 37. Qxh5 Qxb6 38. Qxf7 Rc7 39. Qf6 Rd7 40.
Rf3 d4 41. Rg3 d3 42. Rg8+ Ka7 43. Qh8 Qd4 0-1

[Event "41 Abierto Ciudad de Sevilla 2016"]
[Site "Sevilla ESP"]
[Date "2016.01.09"]
[Round "2.4"]
[White "Rizouk, Aimen"]
[Black "Hidalgo Begines, Daniel"]
[Result "1-0"]
[WhiteElo "2511"]
[BlackElo "2037"]
[PlyCount "59"]
[EventDate "2016.01.08"]
[EventType "swiss"]
[EventRounds "9"]
[EventCountry "ESP"]
[Source "lmi"]
[SourceDate "2016.01.08"]

1. e4 e5 2. Nf3 Nc6 3. Bc4 Nf6 4. d3 Be7 5. O-O O-O 6. Bb3 d6 7. c3 Bg4 8. h3
Bh5 9. Nbd2 Nd7 10. Re1 Bf6 11. Nf1 Nc5 12. Bc2 d5 13. Ng3 Bg6 14. Qe2 a5 15.
exd5 Qxd5 16. Ne4 Nxe4 17. dxe4 Qd6 18. Rd1 Qe7 19. Be3 Rfd8 20. Qb5 Rab8 21.
Rxd8+ Qxd8 22. Rd1 Qe7 23. Nd2 Bg5 24. Nc4 Bxe3 25. Nxe3 Bh5 26. Rd5 f6 27. Nf5
Qe8 28. Qd3 Bf7 29. Rd7 Rd8 30. Qg3 1-0

[Event "41 Abierto Ciudad de Sevilla 2016"]
[Site "Sevilla ESP"]
[Date "2016.01.09"]
[Round "2.5"]
[White "Saez Gabikagogeaskoa*, Oscar"]
[Black "Sundararajan, Kidambi"]
[Result "0-1"]
[WhiteElo "2036"]
[BlackElo "2508"]
[PlyCount "60"]
[EventDate "2016.01.08"]
[EventType "swiss"]
[EventRounds "9"]
[EventCountry "ESP"]
[Source "lmi"]
[SourceDate "2016.01.08"]

1. e4 e6 2. d4 d5 3. Nc3 Nf6 4. Bg5 dxe4 5. Nxe4 Be7 6. Bxf6 gxf6 7. Nf3 Nd7 8.
d5 Nb6 9. Bb5+ Bd7 10. Bxd7+ Qxd7 11. dxe6 Qxd1+ 12. Rxd1 fxe6 13. Nd4 Kf7 14.
Nb5 a6 15. Nd4 Rad8 16. O-O f5 17. Ng3 Na4 18. c3 Bf6 19. Nf3 b5 20. Rb1 c5 21.
Nh5 e5 22. Nxf6 Kxf6 23. h4 e4 24. Ng5 h6 25. Nh3 Rd2 26. Nf4 Nxb2 27. f3 e3
28. Rbe1 Nd3 29. Nd5+ Ke6 30. Ne7 Nxe1 0-1